Saggio storico-apologetico della letteratura spagnuola contro le pregiudicate opinioni di alcuni moderni scrittori italiani / (Record no. 156982)

MARC details
000 -LEADER
campo de control de longitud fija 01481nam a2200265 i 4500
001 - NÚMERO DE CONTROL
campo de control 156982
003 - IDENTIFICADOR DE NÚMERO DE CONTROL
campo de control ES-MaACL
005 - FECHA Y HORA DE LA ÚLTIMA TRANSACCIÓN
campo de control 20251013192957.0
008 - DATOS DE LONGITUD FIJA--INFORMACIÓN GENERAL
campo de control de longitud fija 960403m17781781it a |||| | ita d
040 ## - FUENTE DE CATALOGACIÓN
Centro catalogador/agencia de origen Ba
Lengua de catalogación spa
Centro/agencia transcriptor CCPB
100 1# - ENTRADA PRINCIPAL--NOMBRE DE PERSONA
Nombre de persona Llampillas, Francisco Javier (
Fechas asociadas al nombre 1731-1810)
9 (RLIN) 128636
245 10 - MENCIÓN DEL TÍTULO
Título Saggio storico-apologetico della letteratura spagnuola contro le pregiudicate opinioni di alcuni moderni scrittori italiani /
Mención de responsabilidad, etc. dissertazioni del ... abate D. Saverio Lampillas ; parte I [-II].
260 ## - PUBLICACIÓN, DISTRIBUCIÓN, ETC.
Lugar de publicación, distribución, etc. Genova :
Nombre del editor, distribuidor, etc. presso Felice Repetto in Canneto,
Fecha de publicación, distribución, etc. 1778-1781.
300 ## - DESCRIPCIÓN FÍSICA
Extensión 2 partes en 6 v. (292, [2] p., [1] h. de grab. ; 304 p. ; 298, [2] p. ; 441, [3] p., 1 h. de grab. ; 311 p. , 1 h. de grab. ; 327, [1] p.) ;
Dimensiones 20 cm.
505 8# - NOTA DE CONTENIDO CON FORMATO
Nota de contenido con formato Parte I: Della letteratura antica (tomo I-II) -- Parte II: Della letteratura moderna (tomo I-IV)
597 ## - NOTA DE DESCRIPCIÓN FÍSICA
NOTA DE DESCRIPCIÓN FÍSICA Sign.: a-s8, t4-¹ ; a-t 8 ; A-S8, T6 ; A-2D8, 2E6 ; A-T8, V4 ; A-V8, X4.
597 ## - NOTA DE DESCRIPCIÓN FÍSICA
NOTA DE DESCRIPCIÓN FÍSICA Port. con orla tip.
599 ## - NOTA A LAS ILUSTRACIONES
NOTA A LAS ILUSTRACIONES Las h. de grab. calcográficos: "Abb. gav. inv. Giuseppe Benedeti" ; "J. Camarón la inventó, P.P. Moles la gravó en Barcelona 1779"
650 #4 - PUNTO DE ACCESO ADICIONAL DE MATERIA--TÉRMINO DE MATERIA
Término de materia o nombre geográfico como elemento de entrada Literatura española-
Subdivisión general Historia y crítica
9 (RLIN) 14560
700 1# - ENTRADA AGREGADA--NOMBRE PERSONAL
Nombre de persona Benedetti, Giuseppe Papini,
Fechas asociadas al nombre 1707-1782
9 (RLIN) 125910
700 1# - ENTRADA AGREGADA--NOMBRE PERSONAL
Nombre de persona Camarón Bonanat, José,
Fechas asociadas al nombre 1731-1803
9 (RLIN) 153327
700 1# - ENTRADA AGREGADA--NOMBRE PERSONAL
Nombre de persona Moles, Pascual Pedro,
Fechas asociadas al nombre 1741-1797
9 (RLIN) 153329
852 ## - LOCALIZACIÓN
Ubicación ES-MaACL
Número de control de estantería R-1210-16
Nota libre -- Enc. hol.
-- Olim: G-10034-40
Holdings
Estatus retirado Estado de pérdida Estado de daño No para préstamo Colección Biblioteca de origen Biblioteca actual Ubicación en estantería Fecha de adquisición Total de préstamos Signatura topográfica completa Código de barras Visto por última vez Precio de reemplazo Tipo de ítem Koha
        Libros del s. XVIII Biblioteca del Ateneo de Madrid Biblioteca del Ateneo de Madrid Depósito 17/01/2008   R-1210-16 1164248 23/02/2023 23/02/2023 Libro impreso antiguo